| 000 | 03393cgm a2200733 i 4500 | ||
|---|---|---|---|
| 001 | on1457094603 | ||
| 003 | OCoLC | ||
| 005 | 20251124113746.0 | ||
| 007 | vd cga|r| | ||
| 008 | 240925s2013 nyu--- vleng d | ||
| 024 | 1 | _a733961242980 | |
| 028 | 4 | 2 |
_a43373 _bA & E Television Networks |
| 028 | 4 | 2 |
_a43373.14.A _bA & E Television Networks |
| 028 | 4 | 2 |
_a43373.15.A _bA & E Television Networks |
| 028 | 4 | 2 |
_a43373.16.A _bA & E Television Networks |
| 028 | 4 | 2 |
_a43373.17.A _bA & E Television Networks |
| 035 | _a(OCoLC)1457094603 | ||
| 040 |
_aNBO _beng _erda _cNBO _dNBO _dOCLCO |
||
| 049 | _aWACL | ||
| 082 | 0 | 4 |
_a523.1 _223 |
| 092 |
_amovie _bThe Universe |
||
| 130 | 0 |
_aUniverse (Television program) _95857670 |
|
| 245 | 1 | 4 | _aThe universe. The complete season four : |
| 246 | 3 |
_aUniverse. _nThe complete season four |
|
| 246 | 3 |
_aUniverse. _n4 |
|
| 260 |
_a[New York, N.Y.] : _bA & E Television Networks, _c2013. |
||
| 264 |
_a[New York, N.Y.] : _bA & E Television Networks, director: Douglas J. Cohen ; produced by Flight 33 Productions for History Television Network Productions ; producer: Samuel K. Dolan. _c2013. |
||
| 300 |
_a4 videodiscs : _bsound, color ; _c4 3/4 in. |
||
| 336 | _atwo-dimensional moving image | ||
| 337 | _avideo | ||
| 338 | _avideodisc | ||
| 490 |
_aThe Universe : _vSeason 4. |
||
| 500 | _aShot in HD with stunning footage from NASA and packed with state-of-the-art CGI graphics. | ||
| 505 | 0 | _aSeason four. Disc 1. Death stars ; The day the moon was gone ; It fell from space -- Disc 2. Biggest blasts ; The hunt for ringed planets ; 10 ways to destroy the Earth -- Disc 3. The search for cosmic clusters ; Space wars ; Liquid universe -- Disc 4. Pulsars & quasars ; Science fiction/Science fact ; Extreme energy -- Bonus featurettes. Meteors : fire in the sky ; Comets : prophets of doom. | |
| 508 | _aBeyond the Big Bang : Produced by Workaholic Productions for History Television Network Productions ; director, Luke Ellis ; executive producers, Luke Ellis, Matthew Hickey. | ||
| 511 | 0 | _aNarrator, Erik Thompson. | |
| 520 | _a"The Universe: the Mega Collection includes all 63 original episodes of all five seasons of this epic series plus the feature-length documentary Beyond the Big Bang on 19 discs."--Container. | ||
| 538 | _aDVD. | ||
| 650 | 0 | _aCosmology. | |
| 650 | 0 | _aLife on other planets. | |
| 650 | 0 | _aBig bang theory. | |
| 650 | 0 |
_aExtraterrestrial anthropology. _983712 |
|
| 650 | 6 |
_aCosmologie. _95939736 |
|
| 650 | 6 |
_aVie extraterrestre. _96492557 |
|
| 650 | 6 |
_aBig bang. _96495506 |
|
| 650 | 7 |
_acosmology. _2aat |
|
| 650 | 7 |
_aExtraterrestrial anthropology _2fast _983712 |
|
| 650 | 7 |
_aBig bang theory _2fast |
|
| 650 | 7 |
_aCosmology _2fast |
|
| 650 | 7 |
_aLife on other planets _2fast |
|
| 651 | 0 | _aMilky Way. | |
| 651 | 6 |
_aVoie lact�ee. _96495505 |
|
| 651 | 7 |
_aDeep space _zMilky Way _2fast _96495507 |
|
| 700 | 1 |
_aCohen, Douglas J. _95857668 |
|
| 700 | 1 |
_aDolan, Samuel K. _95857667 |
|
| 700 | 1 |
_aThompson, Erik, _d1959- _95857669 |
|
| 700 | 1 |
_aEllis, Luke. _96208315 |
|
| 700 | 1 |
_aHickey, Matthew P. _96495508 |
|
| 710 | 2 |
_aFlight 33 Productions (Firm) _95852949 |
|
| 710 | 2 |
_aHistory Channel (Television network) _962267 |
|
| 710 | 2 |
_aA & E Home Video (Firm) _961343 |
|
| 710 | 2 |
_aWorkaholic Productions. _96368949 |
|
| 942 |
_2ddc _cDVD |
||
| 999 |
_c401344 _d401344 |
||